Welcome to UE Central Library

Keep Smiling

Guldasta-e-Hikayat (گلدستہ حکایات) (Record no. 24634)

MARC details
000 -LEADER
fixed length control field 00728nam a22001817a 4500
005 - DATE AND TIME OF LATEST TRANSACTION
control field 20251104152215.0
008 - FIXED-LENGTH DATA ELEMENTS--GENERAL INFORMATION
fixed length control field 251031b |||||||| |||| 00| 0 eng d
020 ## - INTERNATIONAL STANDARD BOOK NUMBER
International Standard Book Number (hbk)
040 ## - CATALOGING SOURCE
Transcribing agency UE-CL
082 ## - DEWEY DECIMAL CLASSIFICATION NUMBER
Classification number 891.4394
Item number Ar42
100 ## - MAIN ENTRY--PERSONAL NAME
Personal name Arif-ur-Rehman (عارف الرحمن)
245 ## - TITLE STATEMENT
Title Guldasta-e-Hikayat (گلدستہ حکایات)
Statement of responsibility, etc / Arif-ur-Rehman (عارف الرحمن)
260 ## - PUBLICATION, DISTRIBUTION, ETC. (IMPRINT)
Place of publication, distribution, etc Lahore (لاہور) :
Name of publisher, distributor, etc Idara-e-Matboat-e-Sulemani (ادارہ مطبوعات سلیمانی)،
Date of publication, distribution, etc 2025.
300 ## - PHYSICAL DESCRIPTION
Extent 634 p.
650 ## - SUBJECT ADDED ENTRY--TOPICAL TERM
Topical term or geographic name as entry element Urdu Literature (اردو ادب)
942 ## - ADDED ENTRY ELEMENTS (KOHA)
Koha item type Books
505 ## - FORMATTED CONTENTS NOTE
Formatted contents note فہرست<br/><br/>باب اول : حکایات سعدی<br/>باب دوم : حکایات رومی<br/>باب سوم : تلقین غزالی
Holdings
Withdrawn status Damaged status Not for loan Home library Current library Date acquired Full call number Barcode Date last seen Price effective from Koha item type
      UE-Central Library UE-Central Library 31.10.2025 891.4394 Ar42 T5504D 31.10.2025 31.10.2025 Books
Copyright © 2023, University of Education, Lahore. All Rights Reserved.
Email:centrallibrary@ue.edu.pk